| 000 | 00623nam a22001937a 4500 | ||
|---|---|---|---|
| 003 | BD-DhUL | ||
| 005 | 20180304094757.0 | ||
| 008 | 180304s1975 bg ||||| |||| 00| 0 ben d | ||
| 040 |
_aBD-DhUL _cBD-DhUL |
||
| 082 |
_a891.443 _bHAK |
||
| 100 | 1 | _aহায়দার, রশীদ | |
| 245 | 0 | 0 |
_aখাঁচায় / _cরশীদ হায়দার |
| 260 |
_aঢাকা : _bমুক্তধারা, _c১৯৭৫। |
||
| 300 |
_a১৩৬ পৃ. ; _c২১ সেমি. |
||
| 365 |
_aBDT _b8.00 |
||
| 650 | 4 | _aবাংলা উপন্যাস | |
| 650 | 4 | _aBengali fiction | |
| 942 |
_2ddc _cBK |
||
| 999 |
_c238788 _d238788 |
||